000 00188nam a2200109Ia 4500
100 _a#N/A
942 _cBK
654 _anewbier
245 _aNewbier
260 _b#N/A
546 _aENGLISH
999 _c27309
_d27309